[Event "Rivera Huila Hernandez Memorial-B"]
[Site "Rivera Huila"]
[Date "2023.07.23"]
[Round "7"]
[White "Aguilar, Jordy Steeven"]
[Black "Villarraga Quiroga, Yedixon Omar"]
[Result "0-1"]
[WhiteElo "1565"]
[BlackElo "1744"]
[PlyCount "88"]
[EventDate "2023.07.20"]
[EventType "swiss"]
[EventRounds "7"]
[EventCountry "COL"]
[SourceTitle "CBM 215 Extra"]
[Source "ChessBase"]
[SourceDate "2023.09.30"]
[SourceVersion "1"]
[SourceVersionDate "2023.09.30"]
[SourceQuality "1"]

1. e4 d6 2. d4 Nf6 3. Bd3 Nc6 4. Ne2 Nb4 5. c4 Nxd3+ 6. Qxd3 c6 7. h3 g6 8. 0-0 Bg7 9. Nbc3 Qc7 10. f4 e5 11. fxe5 dxe5 12. Bg5 Nd7 13. d5 0-0 14. Be7 Re8 15. d6 Qb6+ 16. Kh1 Nc5 17. Qf3 Be6 18. Nd5 cxd5 19. cxd5 Bxd5 20. exd5 f5 21. Qg3 Ne4 22. Qa3 Bf8 23. g4 Nxd6 24. Bxf8 Rxf8 25. gxf5 Rxf5 26. Ng3 Rf4 27. Kg2 Raf8 28. Qc3 Rf2+ 29. Kh1 Qxb2 30. Qxb2 Rxb2 31. Rfe1 Rff2 32. Rxe5 Rh2+ 33. Kg1 Rbg2+ 34. Kf1 Rxg3 35. Rae1 Rh1+ 36. Kf2 Rxe1 37. Kxe1 Rxh3 38. Re6 Nf5 39. Re8+ Kf7 40. Rb8 Re3+ 41. Kd2 Re7 42. Kd3 Rd7 43. Ke4 h5 44. Rc8 Nd6+ 0-1

[Event "Rivera Huila Hernandez Memorial-B"]
[Site "Rivera Huila"]
[Date "2023.07.23"]
[Round "6"]
[White "Villarraga Quiroga, Yedixon Omar"]
[Black "Parra Pino, Jesus David"]
[Result "1-0"]
[WhiteElo "1744"]
[BlackElo "1365"]
[PlyCount "31"]
[EventDate "2023.07.20"]
[EventType "swiss"]
[EventRounds "7"]
[EventCountry "COL"]
[SourceTitle "CBM 215 Extra"]
[Source "ChessBase"]
[SourceDate "2023.09.30"]
[SourceVersion "1"]
[SourceVersionDate "2023.09.30"]
[SourceQuality "1"]

1. c4 c5 2. Nf3 d6 3. d4 cxd4 4. Nxd4 Nf6 5. g3 g6 6. Bg2 Bg7 7. 0-0 0-0 8. Nc3 a6 9. b3 Qc7 10. Bb2 Nc6 11. e4 Bg4 12. f3 Nxd4 13. Qxd4 Nd7 14. Qxg7+ Kxg7 15. Nd5+ Kg8 16. Nxe7# 1-0

[Event "Soacha op-B"]
[Site "Soacha"]
[Date "2021.09.12"]
[Round "8"]
[White "Villarraga Quiroga, Yedixon Omar"]
[Black "Ramos, Edisson"]
[Result "1-0"]
[WhiteElo "1838"]
[BlackElo "1246"]
[PlyCount "61"]
[EventDate "2021.09.08"]
[EventType "swiss"]
[EventRounds "9"]
[EventCountry "COL"]
[SourceTitle "CBM 204 Extra"]
[Source "ChessBase"]
[SourceDate "2021.11.30"]
[SourceVersion "1"]
[SourceVersionDate "2021.11.30"]
[SourceQuality "1"]

1. c4 f5 2. Nc3 Nf6 3. g3 e6 4. Bg2 Bb4 5. a3 Bxc3 6. bxc3 0-0 7. Rb1 c6 8. d3 d5 9. cxd5 cxd5 10. Nf3 Nc6 11. 0-0 b6 12. Bf4 Qe7 13. Qb3 Kh8 14. Ne5 Nxe5 15. Bxe5 Nd7 16. Bf4 e5 17. Bd2 e4 18. a4 Bb7 19. a5 Qe6 20. axb6 axb6 21. Be3 Rf6 22. Rb2 Ba6 23. Ra1 b5 24. dxe4 fxe4 25. Bd4 Rg6 26. Qxb5 h6 27. Qb4 Rb8 28. Qa3 Rxb2 29. Qxb2 Bc4 30. e3 Ne5 31. Qb8+ 1-0

[Event "Pereira Pelaez Memorial"]
[Site "Pereira"]
[Date "2021.06.05"]
[Round "3"]
[White "Villarraga Quiroga, Yedixon Omar"]
[Black "Nieto Medina, Agustin"]
[Result "0-1"]
[WhiteElo "1829"]
[BlackElo "2110"]
[PlyCount "74"]
[EventDate "2021.06.04"]
[EventType "swiss"]
[EventRounds "7"]
[EventCountry "COL"]
[SourceTitle "CBM 202 Extra"]
[Source "ChessBase"]
[SourceDate "2021.07.31"]
[SourceVersion "1"]
[SourceVersionDate "2021.07.31"]
[SourceQuality "1"]

1. c4 Nf6 2. Nc3 g6 3. g3 Bg7 4. Bg2 c5 5. Nf3 Nc6 6. 0-0 0-0 7. d4 cxd4 8. Nxd4 Qa5 9. Nc2 d6 10. e4 Bg4 11. f3 Be6 12. Nd5 Rac8 13. b4 Qd8 14. Bb2 Bxd5 15. cxd5 Qb6+ 16. Kh1 Nxb4 17. Bd4 Qa5 18. Nxb4 Qxb4 19. Rb1 Qc4 20. Rxb7 Rc7 21. Rxc7 Qxc7 22. Qa4 Nd7 23. Qxa7 Qxa7 24. Bxa7 Ra8 25. Bg1 Rxa2 26. Rb1 Bf6 27. Be3 Kg7 28. h4 Ne5 29. Bd4 Nc4 30. Rc1 Ra4 31. Bxf6+ Kxf6 32. Rc3 Ke5 33. Rd3 f5 34. f4+ Kf6 35. Rd4 Ra1+ 36. Kh2 Ne3 37. exf5 Ra2 0-1

[Event "COL-ch Amateur U2000"]
[Site "Paipa"]
[Date "2020.03.01"]
[Round "9"]
[White "Guerra, Miguel"]
[Black "Villarraga Quiroga, Yedixon Omar"]
[Result "0-1"]
[WhiteElo "1654"]
[BlackElo "1819"]
[PlyCount "108"]
[EventDate "2020.02.26"]
[EventType "swiss"]
[EventRounds "9"]
[EventCountry "COL"]
[SourceTitle "CBM 195 Extra"]
[Source "ChessBase"]
[SourceDate "2020.05.31"]
[SourceVersion "1"]
[SourceVersionDate "2020.05.31"]
[SourceQuality "1"]

1. d4 d6 2. c4 e5 3. dxe5 dxe5 4. Qxd8+ Kxd8 5. a3 Be6 6. e4 Nd7 7. Be3 Nc5 8. Nd2 c6 9. Ngf3 f6 10. 0-0-0 Kc7 11. Be2 Nh6 12. h3 Nf7 13. b4 Nd7 14. Nb3 Nd6 15. Nfd2 Be7 16. Kb2 f5 17. f3 fxe4 18. c5 Nf5 19. Bg1 Ng3 20. Bh2 Nxe2 21. Nxe4 Bxb3 22. Kxb3 Nf4 23. Rd2 Nf6 24. Ng5 Nd7 25. Bxf4 exf4 26. Ne6+ Kc8 27. Rhd1 Nf6 28. Nxg7 Rd8 29. Nf5 Rxd2 30. Nxe7+ Kd8 31. Nxc6+ bxc6 32. Rxd2+ Nd5 33. b5 Kc7 34. a4 Re8 35. a5 Re3+ 36. Kb2 Kb7 37. h4 Re5 38. Kb3 Rh5 39. Kc4 cxb5+ 40. Kxb5 a6+ 41. Kc4 Kc6 42. Rb2 Rxh4 43. Rb8 Rh5 44. Ra8 Nc7 45. Rf8 Rxc5+ 46. Kb4 Nd5+ 47. Ka4 Kd6 48. Rd8+ Ke5 49. Re8+ Kd4 50. Re4+ Kd3 51. Re6 Rc4+ 52. Kb3 Rc3+ 53. Ka4 Nc7 54. Kb4 Nxe6 0-1

[Event "COL-ch Amateur U2000"]
[Site "Paipa"]
[Date "2020.02.28"]
[Round "4"]
[White "Martinez Paipa, Hernan"]
[Black "Villarraga Quiroga, Yedixon Omar"]
[Result "0-1"]
[WhiteElo "1719"]
[BlackElo "1819"]
[PlyCount "76"]
[EventDate "2020.02.26"]
[EventType "swiss"]
[EventRounds "9"]
[EventCountry "COL"]
[SourceTitle "CBM 195 Extra"]
[Source "ChessBase"]
[SourceDate "2020.05.31"]
[SourceVersion "1"]
[SourceVersionDate "2020.05.31"]
[SourceQuality "1"]

1. e4 d6 2. d4 Nf6 3. Bd3 Nc6 4. c3 e5 5. Nf3 g6 6. h3 Bg7 7. Be3 0-0 8. 0-0 a5 9. dxe5 Nxe5 10. Nxe5 dxe5 11. Qe2 b6 12. Rd1 Bb7 13. f3 Nh5 14. Bc4 Qe7 15. Na3 Nf4 16. Qf2 Rfd8 17. Kh2 Rd7 18. g3 Ne6 19. Bb5 c6 20. Be2 b5 21. Rxd7 Qxd7 22. Rd1 Qe8 23. Bb6 Bf8 24. Nc2 c5 25. b4 axb4 26. cxb4 Rxa2 27. Ne1 Nd4 28. Rxd4 cxd4 29. Nd3 Qc6 30. Bc5 Bxc5 31. Nxc5 Bc8 32. Kg1 Be6 33. Qf1 Qa8 34. Qe1 Ra1 35. Bd1 Qa3 36. Kf2 Bc4 37. Qd2 Ra2 38. Bc2 d3 0-1

[Event "COL-ch Amateur U2000"]
[Site "Paipa"]
[Date "2020.02.27"]
[Round "2"]
[White "Villarraga Quiroga, Yedixon Omar"]
[Black "Ossa, Vladimir"]
[Result "0-1"]
[WhiteElo "1819"]
[BlackElo "1999"]
[PlyCount "32"]
[EventDate "2020.02.26"]
[EventType "swiss"]
[EventRounds "9"]
[EventCountry "COL"]
[SourceTitle "CBM 195 Extra"]
[Source "ChessBase"]
[SourceDate "2020.05.31"]
[SourceVersion "1"]
[SourceVersionDate "2020.05.31"]
[SourceQuality "1"]

1. c4 Nf6 2. Nc3 e5 3. g3 d5 4. cxd5 Nxd5 5. Bg2 Be6 6. Nf3 Nc6 7. d3 Be7 8. 0-0 0-0 9. a3 f5 10. Nxd5 Bxd5 11. Qa4 Bf6 12. Rb1 a5 13. Be3 g5 14. Ne1 f4 15. Bd2 Nd4 16. e3 Bb3 0-1

[Event "Uniagraria AlphaZero op 2nd"]
[Site "Uniagraria"]
[Date "2019.11.09"]
[Round "2"]
[White "Florez, Luis Angel"]
[Black "Villarraga Quiroga, Yedixon Omar"]
[Result "1-0"]
[WhiteElo "2133"]
[BlackElo "1828"]
[PlyCount "91"]
[EventDate "2019.11.08"]
[EventType "swiss"]
[EventRounds "7"]
[EventCountry "COL"]
[SourceTitle "CBM 193 Extra"]
[Source "ChessBase"]
[SourceDate "2020.01.31"]
[SourceVersion "1"]
[SourceVersionDate "2020.01.31"]
[SourceQuality "1"]

1. e4 d6 2. d4 Nf6 3. Nc3 c6 4. f4 Qa5 5. Bd3 e5 6. Nf3 exd4 7. Nxd4 g6 8. Qf3 Nbd7 9. Nb3 Qc7 10. Be3 Bg7 11. 0-0 0-0 12. Rae1 b5 13. Kh1 b4 14. Ne2 c5 15. Nd2 Bb7 16. c4 Rae8 17. Ng3 Re7 18. Rf2 Rfe8 19. Rfe2 h5 20. Bg1 Kh7 21. Bb1 a5 22. Qd3 h4 23. Ngf1 Nh5 24. Qh3 Nxf4 25. Qxh4+ Bh6 26. Rf2 g5 27. e5+ Kg7 28. Qg3 Rxe5 29. Rxe5 dxe5 30. Ne3 Qb6 31. Nf5+ Kf8 32. Be4 Bxe4 33. Nxe4 Qg6 34. Nxh6 Qxh6 35. Rd2 Nf6 36. Bxc5+ Kg7 37. Nd6 Kg8 38. Nxe8 Ne4 39. Qe1 Nxd2 40. Qxe5 Qg6 41. Nf6+ Kg7 42. Ne4+ f6 43. Qe7+ Kh6 44. Qf8+ Kh5 45. Nxf6+ Kh4 46. Bf2# 1-0

[Event "Gachantiva op 9th"]
[Site "Gachantiva"]
[Date "2019.06.23"]
[Round "5"]
[White "Molina Valdes, Luisa Fernanda"]
[Black "Villarraga Quiroga, Yedixon Omar"]
[Result "0-1"]
[WhiteElo "1540"]
[BlackElo "1834"]
[PlyCount "96"]
[EventDate "2019.06.21"]
[EventType "swiss"]
[EventRounds "7"]
[EventCountry "COL"]
[SourceTitle "CBM 191 Extra"]
[Source "ChessBase"]
[SourceDate "2019.09.30"]
[SourceVersion "1"]
[SourceVersionDate "2019.09.30"]
[SourceQuality "1"]

1. Nf3 d6 2. g3 e5 3. d3 f5 4. Bg2 Nf6 5. Nbd2 c6 6. e4 Be7 7. c3 Na6 8. b4 Nc7 9. Nh4 g6 10. 0-0 0-0 11. f4 exf4 12. exf5 g5 13. Nhf3 g4 14. Nd4 f3 15. Bh1 c5 16. Qb3+ Kh8 17. Ne6 Nxe6 18. fxe6 cxb4 19. d4 bxc3 20. Qxc3 Bxe6 21. h3 Nd5 22. Qd3 Bf5 23. Qb3 Be6 24. Qd3 f2+ 25. Kh2 Rf6 26. Ne4 Bf5 27. hxg4 Nb4 28. Qb3 Bxe4 29. Bxe4 d5 30. Bf5 Nc6 31. Qb2 Bd6 32. Bg5 Qf8 33. Qxb7 Bxg3+ 34. Kxg3 Rxf5 35. gxf5 Qd6+ 36. Bf4 Rg8+ 37. Kf3 Nxd4+ 38. Ke3 Nxf5+ 39. Kf3 Nh4+ 40. Ke3 Ng2+ 41. Kxf2 Qxf4+ 42. Ke2 Qe3+ 43. Kd1 Qd3+ 44. Kc1 Qxf1+ 45. Kb2 Qf6+ 46. Kb1 Qf1+ 47. Kb2 Qe2+ 48. Ka3 Rg3+ 0-1

[Event "COL-ch U2000"]
[Site "Pereira"]
[Date "2019.03.25"]
[Round "8"]
[White "Montoya, Duvan"]
[Black "Villarraga Quiroga, Yedixon Omar"]
[Result "0-1"]
[WhiteElo "1889"]
[BlackElo "1784"]
[PlyCount "108"]
[EventDate "2019.03.21"]
[EventType "swiss"]
[EventRounds "9"]
[EventCountry "COL"]
[SourceTitle "CBM 189 Extra"]
[Source "ChessBase"]
[SourceDate "2019.06.03"]
[SourceVersion "1"]
[SourceVersionDate "2019.06.03"]
[SourceQuality "1"]

1. e4 d6 2. d4 Nf6 3. Nc3 c6 4. f4 Qa5 5. e5 Ne4 6. Bd2 Nxd2 7. Qxd2 Bf5 8. Bd3 Bxd3 9. Qxd3 e6 10. Nge2 d5 11. 0-0 g6 12. Rae1 c5 13. Kh1 Nc6 14. a3 0-0-0 15. dxc5 Qxc5 16. b4 Qc4 17. b5 Qxd3 18. cxd3 Na5 19. a4 Bb4 20. Rb1 Bxc3 21. Nxc3 b6 22. Ne2 Kd7 23. Nd4 Rc8 24. Rbc1 Rxc1 25. Rxc1 Rc8 26. Rxc8 Kxc8 27. g4 Kd7 28. Kg2 Nb7 29. Nb3 Nc5 30. Nxc5+ bxc5 31. Kf3 a6 32. b6 a5 33. Ke3 Kc6 34. Kd2 Kxb6 35. Kc3 h5 36. g5 Kc6 37. h4 Kd7 38. Kb2 d4 39. Kb3 Kc7 40. Kc2 Kc6 41. Kd2 Kd5 42. Ke2 c4 43. Kd2 c3+ 44. Kc2 Kc6 45. Kb3 Kc5 46. Ka3 c2 47. Kb2 Kb4 48. Kxc2 Kxa4 49. Kb2 Kb4 50. Kc2 a4 51. Kb2 a3+ 52. Kc2 a2 53. Kb2 a1Q+ 54. Kxa1 Kc3 0-1

[Event "COL-ch U2000"]
[Site "Pereira"]
[Date "2019.03.25"]
[Round "9"]
[White "Villarraga Quiroga, Yedixon Omar"]
[Black "Gomez Guardo, Cristian"]
[Result "1/2-1/2"]
[WhiteElo "1784"]
[BlackElo "1930"]
[PlyCount "67"]
[EventDate "2019.03.21"]
[EventType "swiss"]
[EventRounds "9"]
[EventCountry "COL"]
[SourceTitle "CBM 189 Extra"]
[Source "ChessBase"]
[SourceDate "2019.06.03"]
[SourceVersion "1"]
[SourceVersionDate "2019.06.03"]
[SourceQuality "1"]

1. c4 e5 2. Nc3 Nf6 3. Nf3 Nc6 4. g3 h6 5. e4 Bb4 6. Qc2 d6 7. Nd5 Bg4 8. Bg2 0-0 9. 0-0 Bc5 10. d3 Bxf3 11. Bxf3 Nd4 12. Qd1 Nd7 13. b4 Bb6 14. Nxb6 axb6 15. Be3 c5 16. Bg4 Nf6 17. Bxd4 exd4 18. a4 Nxg4 19. Qxg4 Qg5 20. Qxg5 hxg5 21. bxc5 bxc5 22. Rfb1 Ra7 23. a5 Rfa8 24. Rb5 Kf8 25. Kg2 Ke7 26. Rab1 Ke6 27. Kf3 Rxa5 28. Rxb7 Ra3 29. R1b3 Rxb3 30. Rxb3 Ra2 31. g4 Rd2 32. Kg3 Ke5 33. Kf3 Rc2 34. Rb1 1/2-1/2

[Event "COL-ch U2000"]
[Site "Pereira"]
[Date "2019.03.24"]
[Round "6"]
[White "Montoya Molina, Juan Esteban"]
[Black "Villarraga Quiroga, Yedixon Omar"]
[Result "0-1"]
[WhiteElo "1752"]
[BlackElo "1784"]
[PlyCount "78"]
[EventDate "2019.03.21"]
[EventType "swiss"]
[EventRounds "9"]
[EventCountry "COL"]
[SourceTitle "CBM 189 Extra"]
[Source "ChessBase"]
[SourceDate "2019.06.03"]
[SourceVersion "1"]
[SourceVersionDate "2019.06.03"]
[SourceQuality "1"]

1. e4 d6 2. d4 Nf6 3. Nc3 c6 4. Nf3 Bg4 5. Be2 e6 6. h3 Bxf3 7. Bxf3 d5 8. e5 Nfd7 9. 0-0 c5 10. Ne2 cxd4 11. Qxd4 Nc6 12. Qf4 Ndxe5 13. Bh5 g6 14. Bg4 h5 15. Bf3 Bh6 16. Qa4 Bxc1 17. Raxc1 Nxf3+ 18. gxf3 Qg5+ 19. Kh2 Qe5+ 20. f4 Qxe2 21. Rce1 Qc4 22. Qa3 Qxf4+ 23. Kg2 Qb4 24. Qf3 0-0 25. c3 Qh4 26. Rg1 Qg5+ 27. Kf1 Qf5 28. Qe3 Kh7 29. Rg5 Qf6 30. Qg3 Ne7 31. Qh4 Kg7 32. Qxh5 Rh8 33. Qg4 Rxh3 34. Ke2 Rah8 35. Rg1 R8h4 36. Qg2 Rh2 37. Qf1 Re4+ 38. Kd1 Qxf2 39. Qd3 Qxb2 0-1

[Event "Bogota AlphaZero op"]
[Site "Bogota"]
[Date "2018.08.20"]
[Round "7"]
[White "Nino, Jesus Camilo"]
[Black "Villarraga Quiroga, Yedixon Omar"]
[Result "0-1"]
[WhiteElo "1505"]
[BlackElo "1784"]
[PlyCount "36"]
[EventDate "2018.08.17"]
[EventType "swiss"]
[EventRounds "7"]
[EventCountry "COL"]
[SourceTitle "CBM 186 Extra"]
[Source "ChessBase"]
[SourceDate "2018.08.24"]
[SourceVersion "1"]
[SourceVersionDate "2018.08.24"]
[SourceQuality "1"]

1. e4 d6 2. d4 Nf6 3. Nc3 c6 4. Bd3 g6 5. Be3 Bg7 6. f3 Nbd7 7. Qd2 b5 8. Nh3 a6 9. 0-0 c5 10. b3 Nh5 11. Ne2 cxd4 12. Nxd4 Ne5 13. Nf2 0-0 14. Rac1 Bb7 15. Bh6 Nxd3 16. Bxg7 Nxc1 17. Bxf8 Nxb3 18. cxb3 Qxf8 0-1

[Event "Bogota AlphaZero op"]
[Site "Bogota"]
[Date "2018.08.20"]
[Round "6"]
[White "Villarraga Quiroga, Yedixon Omar"]
[Black "Mena, Yamil Octavio"]
[Result "0-1"]
[WhiteElo "1784"]
[BlackElo "1982"]
[PlyCount "36"]
[EventDate "2018.08.17"]
[EventType "swiss"]
[EventRounds "7"]
[EventCountry "COL"]
[SourceTitle "CBM 186 Extra"]
[Source "ChessBase"]
[SourceDate "2018.08.24"]
[SourceVersion "1"]
[SourceVersionDate "2018.08.24"]
[SourceQuality "1"]

1. e4 e5 2. Nf3 Nc6 3. Bb5 a6 4. Ba4 Nf6 5. 0-0 b5 6. Bb3 Be7 7. c3 0-0 8. Re1 d5 9. exd5 e4 10. Ng5 Na5 11. Bc2 Bd6 12. Nxe4 Bxh2+ 13. Kf1 Ng4 14. Qf3 f5 15. Nc5 Bd6 16. Ke2 Bxc5 17. b4 Re8+ 18. Kd1 Nxf2+ 0-1

[Event "Bogota AlphaZero op"]
[Site "Bogota"]
[Date "2018.08.19"]
[Round "5"]
[White "Penagos, Esneider"]
[Black "Villarraga Quiroga, Yedixon Omar"]
[Result "0-1"]
[WhiteElo "1599"]
[BlackElo "1784"]
[PlyCount "106"]
[EventDate "2018.08.17"]
[EventType "swiss"]
[EventRounds "7"]
[EventCountry "COL"]
[SourceTitle "CBM 186 Extra"]
[Source "ChessBase"]
[SourceDate "2018.08.24"]
[SourceVersion "1"]
[SourceVersionDate "2018.08.24"]
[SourceQuality "1"]

1. e4 d6 2. d4 Nf6 3. Nc3 c6 4. h3 Qa5 5. Bd3 Nbd7 6. Nf3 e5 7. Bd2 exd4 8. Nd5 Qd8 9. Nf4 c5 10. c3 dxc3 11. Bxc3 Be7 12. 0-0 0-0 13. Bc4 Nb6 14. Qd3 Na4 15. Bd5 Nxc3 16. Qxc3 Nxd5 17. Nxd5 Be6 18. Nxe7+ Qxe7 19. Rfd1 Rfd8 20. a3 a5 21. Rd2 d5 22. exd5 Bxd5 23. Rad1 Bxf3 24. Rxd8+ Rxd8 25. Rxd8+ Qxd8 26. Qxf3 b6 27. Qc6 g6 28. Qb5 Qd6 29. b3 h5 30. g3 Kf8 31. h4 Ke7 32. Kg2 Kf6 33. f3 Ke7 34. Qe2+ Kd8 35. Qc4 Qe6 36. Qb5 Kc7 37. Kf2 Qd7 38. Qc4 Qd4+ 39. Ke2 Qxc4+ 40. bxc4 Kc6 41. Kd3 b5 42. cxb5+ Kxb5 43. Kc3 Ka4 44. Kb2 c4 45. g4 f5 46. gxh5 gxh5 47. f4 Kb5 48. Kc3 Kc5 49. Kd2 Kd4 50. a4 Ke4 51. Kc3 Kxf4 52. Kxc4 Ke3 53. Kc3 f4 0-1

[Event "Bogota AlphaZero op"]
[Site "Bogota"]
[Date "2018.08.18"]
[Round "3"]
[White "Cabiativa, Juan Esteban"]
[Black "Villarraga Quiroga, Yedixon Omar"]
[Result "0-1"]
[WhiteElo "1300"]
[BlackElo "1784"]
[PlyCount "58"]
[EventDate "2018.08.17"]
[EventType "swiss"]
[EventRounds "7"]
[EventCountry "COL"]
[SourceTitle "CBM 186 Extra"]
[Source "ChessBase"]
[SourceDate "2018.08.24"]
[SourceVersion "1"]
[SourceVersionDate "2018.08.24"]
[SourceQuality "1"]

1. d4 d6 2. c4 e5 3. d5 f5 4. Nc3 Nf6 5. e3 Be7 6. Be2 0-0 7. b3 Nbd7 8. Nf3 a5 9. Ba3 e4 10. Nd4 Ne5 11. h3 Bd7 12. 0-0 c6 13. dxc6 bxc6 14. Qd2 Qe8 15. Rfd1 Qg6 16. f4 exf3 17. Nxf3 Ne4 18. Nxe4 fxe4 19. Nxe5 dxe5 20. Qxd7 Bxa3 21. Qg4 Qxg4 22. Bxg4 Bc5 23. Re1 Rad8 24. Rad1 Rd3 25. Rxd3 exd3 26. Bf3 d2 27. Rf1 e4 28. Rd1 exf3 29. gxf3 Rxf3 0-1

[Event "COL-ch U1800"]
[Site "Moniquira"]
[Date "2018.07.22"]
[Round "6"]
[White "Orozco, Omar"]
[Black "Villarraga Quiroga, Yedixon Omar"]
[Result "0-1"]
[WhiteElo "1600"]
[BlackElo "1772"]
[PlyCount "84"]
[EventDate "2018.07.19"]
[EventType "swiss"]
[EventRounds "7"]
[EventCountry "COL"]
[SourceTitle "CBM 187 Extra"]
[Source "ChessBase"]
[SourceDate "2018.11.04"]
[SourceVersion "1"]
[SourceVersionDate "2018.11.04"]
[SourceQuality "1"]

1. d4 d6 2. c4 e5 3. dxe5 dxe5 4. Qxd8+ Kxd8 5. Nf3 f6 6. g3 Be6 7. Nbd2 Nd7 8. Bg2 c6 9. 0-0 a5 10. b3 a4 11. Rb1 axb3 12. axb3 Bf5 13. e4 Bg6 14. Rd1 Bb4 15. Nh4 Ne7 16. Nf1 Kc7 17. Bd2 Bxd2 18. Rxd2 Nc5 19. Nxg6 hxg6 20. b4 Ne6 21. Ne3 Rhd8 22. Rdb2 b6 23. b5 c5 24. Nd5+ Nxd5 25. exd5 Nd4 26. d6+ Kxd6 27. Bxa8 Rxa8 28. Rc1 Ra4 29. Kf1 Rb4 30. Ra2 Nb3 31. Rc3 Ke6 32. Ke2 Na5 33. Kd3 f5 34. f3 e4+ 35. fxe4 fxe4+ 36. Kxe4 Nxc4 37. Ra7 Nd6+ 38. Kd3 Nxb5 39. Rxg7 Nxc3 40. Kxc3 Kf5 41. h3 Rd4 42. Rc7 Rd6 0-1

[Event "Tunja Liga Boyaca"]
[Site "Tunja"]
[Date "2017.12.17"]
[Round "7.15"]
[White "Dominguez Rincon, Miller Duvan"]
[Black "Villarraga Quiroga, Yedixon Omar"]
[Result "1-0"]
[WhiteElo "2105"]
[BlackElo "1831"]
[PlyCount "57"]
[EventDate "2017.12.14"]
[EventType "swiss"]
[EventRounds "7"]
[EventCountry "COL"]
[SourceTitle "EXT 2024"]
[Source "ChessBase"]
[SourceDate "2023.10.10"]
[SourceVersion "1"]
[SourceVersionDate "2023.10.10"]
[SourceQuality "1"]

1. e4 d6 2. d4 Nf6 3. Nc3 c6 4. f4 Qa5 5. Bd3 e5 6. fxe5 dxe5 7. dxe5 Ng4 8. Nf3 Qb6 9. Qe2 Nd7 10. e6 fxe6 11. Bd2 Be7 12. 0-0-0 Nf2 13. Be3 Nxd3+ 14. Rxd3 Nc5 15. Rd2 Qc7 16. Qc4 b5 17. Qd4 0-0 18. e5 b4 19. Ne4 Rd8 20. Nd6 Nb7 21. Bf4 c5 22. Qe4 Rb8 23. Rhd1 Na5 24. Bg5 Bb7 25. Qh4 Bxf3 26. gxf3 Bxg5 27. Qxg5 c4 28. Ne8 h6 29. Rxd8 1-0

[Event "Bogota Mila Memorial op"]
[Site "Bogota"]
[Date "2009.04.??"]
[Round "3"]
[White "Villarraga Quiroga, Yedixon Omar"]
[Black "Ojeda, Jesus David"]
[Result "0-1"]
[WhiteElo "1831"]
[BlackElo "2027"]
[PlyCount "56"]
[EventDate "2009.04.??"]
[EventType "swiss"]
[EventRounds "9"]
[EventCountry "COL"]
[SourceTitle "EXT 2014"]
[Source "ChessBase"]
[SourceDate "2013.11.20"]
[SourceVersion "1"]
[SourceVersionDate "2013.11.20"]
[SourceQuality "1"]

1. f4 d5 2. Nf3 Nf6 3. e3 a6 4. Be2 c5 5. 0-0 Nc6 6. d3 Qc7 7. Nc3 b5 8. a3 Bb7 9. Qe1 e6 10. Bd2 Rd8 11. Qh4 Be7 12. g4 d4 13. g5 dxc3 14. Bxc3 e5 15. Nxe5 Nd4 16. exd4 cxd4 17. gxf6 Bxf6 18. Qe1 dxc3 19. bxc3 0-0 20. Bf3 Kh8 21. Rb1 Rde8 22. Bxb7 Qxb7 23. a4 g5 24. axb5 gxf4 25. Nxf7+ Qxf7 26. Qd2 Rg8+ 27. Kf2 Bh4+ 28. Kf3 Qh5+ 0-1